Data governance : how to design, deploy and sustain an effective data governance program

Αποθηκεύτηκε σε:
Λεπτομέρειες βιβλιογραφικής εγγραφής
Κύριος συγγραφέας: Ladley, John
Μορφή: Βιβλίο
Γλώσσα:English
Δημοσίευση: Amsterdam, Boston : Elsevier, Morgan Kaufmann, 2012
Θέματα:
Ετικέτες: Προσθήκη ετικέτας
Δεν υπάρχουν, Καταχωρήστε ετικέτα πρώτοι!

MARC

LEADER 00000nam a2200000 i 4500
001 1/56474
008 140918s2012 eng d
020 |a 978-0-12-415829-0 (pbk.) 
035 |l 10119186 
040 |a GR-MY-UA  |b gre  |e aacr 
041 0 |a eng 
082 0 |a 658.4038011  |2 (23) 
100 1 |a Ladley, John. 
245 1 0 |a Data governance :  |b how to design, deploy and sustain an effective data governance program /  |c John Ladley 
260 |a Amsterdam, Boston :   |b Elsevier, Morgan Kaufmann,   |c 2012 
504 |a Περιλαμβάνει ευρετήριο 
650 0 0 |a Data protection. 
650 0 0 |a Management information systems. 
650 0 0 |a Information resources management. 
852 |a INST  |b RHODES  |e 20140918  |h 658.4038011 LAD  |p 005400036809  |q 005400036809  |t BK  |y 0 
901 |a BIBL4-2014-3 
909 |a Ρ  |b 189374 
922 |a 4ΕΛΗ  |b 201405  |c ΤΑΚ/ΤΕΠΑΕΣ  |d ΔΙΑΔΡΟΜΕΣ 
970 |z 2014/09/18